Taylor Swift Track 3s - Statistics

General Stats
  • This quiz has been taken 99 times
    90 since last reset
  • The average score is 9 of 11
Answer Stats
Album Song % Correct
Fearless (Taylor's Version) Love Story
89%
1989 (Taylor's Version) Style
86%
Taylor Swift Teardrops On My Guitar
85%
folklore the last great american dynasty
85%
reputation I Did Something Bad
82%
Midnights Anti-Hero
81%
Speak Now (Taylor's Version) Back To December
81%
evermore gold rush
81%
Lover Lover
81%
Red (Taylor's Version) Treacherous
78%
THE TORTURED POETS DEPARTMENT My Boy Only Breaks His Favorite Toys
74%
No matching quizzes found
Score Distribution
Percent of People with Each Score
Percentile by Number Answered
Your Score History
You have not taken this quiz since the last reset